[Event "AUTO-ADV-4928"]
[Site "http://www.queenalice.com/game.php?id=1871513"]
[Date "2026.4.5"]
[Round "1"]
[White "Capixabba789"]
[Black "EduardoRo"]
[Result "1-0"]
[WhiteElo "1903"]
[BlackElo "1705"]

1. d4 d5 2. Nc3 Nf6 3. f4 Bg4 4. Nf3 e6 5. e3 Bb4 6. Bd2 O-O 7. Bd3 Nc6 8. O-O
Bd6 9. Qe1 Ne7 10. Qg3 Ng6 11. Ne5 Nxe5 12. fxe5 Bxe5 13. dxe5 Nh5 14. Qxg4 g6
15. Ne2 c5 16. Ng3 c4 17. Nxh5 a5 18. Nf6+ Kh8 19. Qh4 Qxf6 20. Qxf6+ Kg8 21.
Be2 b5 22. a4 b4 23. e4 dxe4 24. Bh6 1-0

[Event "AUTO-ADV-4928"]
[Site "http://www.queenalice.com/game.php?id=1871514"]
[Date "2026.4.5"]
[Round "1"]
[White "EduardoRo"]
[Black "Capixabba789"]
[Result "0-1"]
[WhiteElo "1685"]
[BlackElo "1947"]

1. e4 e5 2. Nf3 d6 3. Bc4 Be7 4. O-O Nf6 5. d3 Nc6 6. Be3 Bd7 7. Nc3 a6 8. a3
O-O 9. Ng5 Ng4 10. Bxf7+ Rxf7 11. Nxf7 Kxf7 12. Nd5 Nf6 13. Qf3 Kg8 14. Nxe7+
Qxe7 15. Qg3 Nd4 16. Bxd4 exd4 17. c4 c5 18. f4 Rf8 19. f5 Bc6 20. Rf4 Nh5 21.
Qg4 Nxf4 22. Qxf4 g5 23. Qg4 Rf7 24. Rf1 h6 25. h4 Qf6 26. h5 b5 27. b4 Kh7 28.
bxc5 dxc5 29. cxb5 Bxb5 30. Qg3 g4 31. Qxg4 Bxd3 32. Rf3 Be2 33. Qg6+ Kh8 34.
Qxf6+ Rxf6 35. Rf2 d3 36. g4 Bxg4 37. Rd2 c4 38. Kf2 Bxh5 39. Ke3 Be2 40. Kd4 h5
41. Kxc4 h4 0-1

[Event "AUTO-INT-3965"]
[Site "http://www.queenalice.com/game.php?id=1871592"]
[Date "2026.4.7"]
[Round "1"]
[White "EduardoRo"]
[Black "ajr"]
[Result "1-0"]
[WhiteElo "1648"]
[BlackElo "1674"]

1. e4 c5 2. Bc4 e6 3. Nc3 a6 4. Nf3 b5 5. Be2 Bb7 6. d3 h6 7. O-O Nf6 8. Be3 Bc6
9. a3 b4 10. axb4 cxb4 11. Nb1 Bb5 12. c4 bxc3 13. Nxc3 Nc6 14. e5 Nd5 15. Nxd5
exd5 16. Qb3 Nb4 17. Rfc1 Rc8 18. Rxc8 Qxc8 19. Rc1 Qb7 20. Bc5 Bxc5 21. Rxc5
Ke7 22. Qxb4 d6 23. exd6+ Kd7 24. Rc7+ Qxc7 25. Ne5+ 1-0

[Event "AUTO-INT-3965"]
[Site "http://www.queenalice.com/game.php?id=1871605"]
[Date "2026.4.7"]
[Round "1"]
[White "renet54"]
[Black "EduardoRo"]
[Result "1-0"]
[WhiteElo "1536"]
[BlackElo "1698"]

1. d4 d5 2. Nf3 f6 3. e3 Nc6 4. c3 e5 5. Bb5 Bd7 6. O-O Nge7 7. Bd3 g5 8. Na3
Bg4 9. Be2 Qd6 10. Nb5 Qd7 11. Re1 a6 12. dxe5 axb5 13. exf6 Bxf3 14. Bxf3 Qe6
15. fxe7 Bxe7 16. e4 dxe4 17. Rxe4 Ne5 18. Bg4 Nf3+ 19. Qxf3 Qd6 20. Bxg5 Rf8
21. Bh5+ Kd7 22. Rxe7+ Qxe7 23. Rd1+ Qd6 24. Rxd6+ Kxd6 25. Qd3+ Kc6 26. Bf3+
Kb6 27. Be3+ Ka6 28. c4 1-0

[Event "AUTO-INT-3965"]
[Site "http://www.queenalice.com/game.php?id=1871606"]
[Date "2026.4.7"]
[Round "1"]
[White "EduardoRo"]
[Black "renet54"]
[Result "1-0"]
[WhiteElo "1699"]
[BlackElo "1563"]

1. e4 e5 2. Nf3 Nc6 3. Bc4 Nf6 4. Nc3 Bc5 5. O-O O-O 6. d3 d6 7. Bg5 Bg4 8. a3
Nd4 9. Bxf6 Qxf6 10. b4 Nxf3+ 11. gxf3 Bxf3 12. Qxf3 Qg6+ 13. Kh1 Kh8 14. Rg1
Qh6 15. Nd5 Bd4 16. c3 Rae8 17. Nxc7 Re7 18. Nd5 Re6 19. cxd4 Qh4 20. a4 Rh6 21.
Rg2 f6 22. dxe5 dxe5 23. Qg3 Qh5 24. Qxg7# 1-0